000 00611nam a22002057a 4500
999 _c14544
_d14544
003 AR-CdUCM
008 190423b ||||| |||| 00| 0 spa d
020 _a84-345-0611-4
040 _aMUNICIPALIDAD PROVINCIAL DEL CUSCO
_cBIBLIOTECA MUNICIPAL DEL CUSCO
082 _aPI / 808.06 /
_bAS83
110 _aSalvat.
_933352
245 _aAstérix y los vikingos /
260 _aEspaña :
_bSalvat,
_c2006.
300 _c19 cm.
_a30 páginas ;
505 _aContenido :Asterix y los vikingos ...
650 _aCuentos
_9217
650 _aHistorietas
_910786
942 _2ddc
_cLIBROS
945 _arum
_d2019-04-23